Realidad Virtual con AutoCAD, 3ds max y Combustion (Registro nro. 30627)

Detalles MARC
000 -CABECERA
Longitud fija campo de control 01148nam a2200241 a 4500
003 - • IDENTIFICADOR DELl NÚMERO DE CONTROL
Identificador del número de control CO-ViMGA
008 - • CÓDIGOS DE INFORMACIÓN DE LONGITUD FIJA
Códigos de información de longitud fija 141112s2004 ck r 000 u spa d
020 ## - • NÚMERO INTERNACIONAL NORMALIZADO PARA LIBROS
Número Internacional Normalizado para Libros (ISBN) 9701511271
040 ## - FUENTE DE LA CATALOGACIÓN
Centro catalogador de origen CO-ViMGA
Lengua de catalogación spa
Centro transcriptor CO-ViMGA
082 04 - • NÚMERO DE LA CLASIFICACIÓN DECIMAL DEWEY
Número de clasificación (R) MEVIECAR.6425 C316r
100 1# - • PUNTO DE ACCESO PRINCIPAL-NOMBRE DE PERSONA
Nombre de persona Cebolla Cebolla, Castell
245 10 - • TITULO PROPIAMENTE DICHO
Título Realidad Virtual con AutoCAD, 3ds max y Combustion
300 ## - • DESCRIPCIÓN FÍSICA
Extensión 344p+CD - ROM
505 ## - • NOTA DE CONTENIDO CON FORMATO
Nota de contenido con formato Base teórica 3 - - Estructura de la casa 47 - - Puertas 67 - - Ventanas 71 - - Rejas 77 - - Exportar a 3ds max 87 - - Garaje 89 - - 3DS Max : Base Teórica 95 - - Fusión con AutoCAD 197 - - Muebles. Creación de objetos 201 - - Materiales 261 - - Iluminación 287 - - Cámaras y Animación 289 - - Combustión : Base teórica 295 - - Creación de las películas 309
590 ## - NOTAS LOCALES
Nota local Forma de adquisición : Compra - - Precio : 62.000 - - Proveedor : Bernalibros - - Fecha de adquisición : Octubre 2007
650 14 - • PUNTO DE ACCESO ADICIONAL DE MATERIA - TÉRMINO DE MATERIA
Término de materia o nombre geográfico como elemento inicial ANIMACIÓN 3DS
650 14 - • PUNTO DE ACCESO ADICIONAL DE MATERIA - TÉRMINO DE MATERIA
Término de materia o nombre geográfico como elemento inicial AUTOCAD (PROGRAMA PARA COMPUTADORES)
650 14 - • PUNTO DE ACCESO ADICIONAL DE MATERIA - TÉRMINO DE MATERIA
Término de materia o nombre geográfico como elemento inicial DIBUJO TECNICO
650 14 - • PUNTO DE ACCESO ADICIONAL DE MATERIA - TÉRMINO DE MATERIA
Término de materia o nombre geográfico como elemento inicial REALIDAD VIRTUAL
942 ## - ENTRADA DE ELEMENTOS AGREGADOS (KOHA)
Fuente de clasificaión o esquema Dewey Decimal Classification
Koha [por defecto] tipo de item LIbro
Existencias
Perdido Fuente de clasificación o esquema Estado Físico No para préstamo Forma de adquisición Localización permanente Localización actual Fecha adquisición Serie de enumeración / cronolog&íacute;a Préstamos totales Signatura completa Código de barras Fecha última consulta Número de copia Fecha del precio de reemplazo Tipo de item de Koha
  Dewey Decimal Classification     Sala Especializada Tercer Piso Biblioteca Pública Germán Arciniegas - Villavicencio Biblioteca Pública Germán Arciniegas - Villavicencio 12/04/2015 Volumen. 1 | 11/jun/2009   001.6425 C316r 22201 10/03/2022 Ej. 1 12/04/2015 LIbro









Instituto Departamental de Cultura del Meta - Red Departamental de Bibliotecas Públicas del Meta.